| 000 | 00879nam a2200265 i 4500 | ||
|---|---|---|---|
| 001 | 192078 | ||
| 003 | ES-MaACL | ||
| 005 | 20240130194050.0 | ||
| 008 | 221103s2022 sp 000 0aspa | ||
| 017 |
_aM 6355-2022 _bOficina Depósito Legal Madrid |
||
| 020 | _a978-84-1384-335-3 | ||
| 040 | _cES-MaACL | ||
| 080 | _a929 Amat, Núria | ||
| 100 | 1 |
_aAmat, Núria. _921132 _eaut |
|
| 245 | 1 | 0 |
_aMemorias de una mujer libre / _cNúria Amat. |
| 250 | _a1ª edición. | ||
| 260 |
_aMadrid : _bLa Esfera de los Libros, _c2022. |
||
| 300 |
_a438 páginas ; _c24 cm. |
||
| 600 | 1 | 4 |
_aAmat, Núria. _921132 |
| 655 | 7 |
_9226823 _aAutobiografías |
|
| 852 | 4 |
_aES-MaACL _jN-8040 _9199360 _gDedicatoria autógrafa de la autora _cDEPOJ _bR. 153358 _hDonación: Núria Amat |
|
| 903 |
_921132 _aAmat, Núria _ednr |
||
| 942 |
_cMONOGRAFIA _n0 |
||
| 999 |
_c192078 _d192078 |
||